书目信息 |
| 题名: |
测绘基础
|
|
| 作者: | 张东明, 主编 | |
| 分册: | ||
| 出版信息: | 武汉 武汉大学出版社 2014.01 |
|
| 页数: | 231页 | |
| 开本: | 26cm | |
| 丛书名: | 高职高专测绘类专业“十二五”规划教材 | |
| 单 册: | ||
| 中图分类: | P2 | |
| 科图分类: | ||
| 主题词: | 测绘--ce hui--高等职业教育--教材 | |
| 电子资源: | ||
| ISBN: | 978-7-307-11994-9 | |
| 000 | 01005nam 2200265 450 | |
| 001 | 96411 | |
| 005 | 20250912173429.43 | |
| 010 | @a978-7-307-11994-9@dCNY30.00 | |
| 100 | @a20140227d2014 em y0chiy50 ea | |
| 101 | 0 | @achi |
| 102 | @aCN@b420000 | |
| 105 | @aak a 000yy | |
| 106 | @ar | |
| 200 | 1 | @a测绘基础@Ace hui ji chu@f主编张东明 |
| 210 | @a武汉@c武汉大学出版社@d2014.01 | |
| 215 | @a231页@c图@d26cm | |
| 225 | 2 | @a高职高专测绘类专业“十二五”规划教材@Agao zhi gao zhuan ce hui lei zhuan ye “ shi er wu ” gui hua jiao cai@e规范版 |
| 320 | @a有书目 (第231页) | |
| 330 | @a本书共10章, 内容包括: 测绘的发展及应用、测绘基础知识、角度测量、距离测量、测量误差与数据处理基础、平面控制测量、大比例尺地形图测绘、地形图的应用、技能训练等。 | |
| 410 | 0 | @12001 @a高职高专测绘类专业“十二五”规划教材 (规范版) |
| 606 | 0 | @a测绘@Ace hui@x高等职业教育@j教材 |
| 690 | @aP2@v5 | |
| 701 | 0 | @a张东明,@Azhang dong ming@f1971-@4主编 |
| 801 | 0 | @aCN@c20250909 |
| 905 | @a河南城建学院图书馆@dP2@eZ094 | |
| 测绘基础/主编张东明.-武汉:武汉大学出版社,2014.01 |
| 231页:图;26cm.-(高职高专测绘类专业“十二五”规划教材:规范版) |
| ISBN 978-7-307-11994-9:CNY30.00 |
| 本书共10章, 内容包括: 测绘的发展及应用、测绘基础知识、角度测量、距离测量、测量误差与数据处理基础、平面控制测量、大比例尺地形图测绘、地形图的应用、技能训练等。 |
| ● |
| 相关链接 |
|
|
|
正题名:测绘基础
索取号:P2/Z094
 
预约/预借
| 序号 | 登录号 | 条形码 | 馆藏地/架位号 | 状态 | 备注 |
| 1 | 1630915 | 216309153 | 自科库401/401自科库 113排1列4层/ [索取号:P2/Z094] | 在馆 |